Les 42 Civilisations d'Age of Empires II (NOUVEAU 2O22) - Statistiques

Statistiques générales
  • Ce quiz a été pris 362 fois
    276 depuis la dernière actualisation
  • Le résultat moyen est 19 sur 42
Statistiques - réponses
Extension Civilisation % Correct
Age of Kings Britanniques
86%
Age of Kings Francs
82%
Age of Kings Chinois
81%
Age of Kings Japonais
75%
The Conquerors Espagnols
71%
Age of Kings Vikings
70%
Age of Kings Mongols
69%
The Conquerors Aztèques
65%
The Conquerors Mayas
64%
The Forgotten Hindoustanis
60%
The Forgotten Incas
59%
Age of Kings Celtes
57%
The African Kingdoms Portugais
56%
The Forgotten Italiens
54%
Age of Kings Turcs
54%
Age of Kings Perses
53%
Age of Kings Teutons
53%
Age of Kings Byzantins
52%
The Conquerors Coréens
50%
The Conquerors Huns
50%
Age of Kings Goths
47%
The African Kingdoms Maliens
45%
Age of Kings Sarrasins
40%
The African Kingdoms Éthiopiens
38%
The Forgotten Hongrois
36%
Rise of the Rajas Malaisiens
35%
The African Kingdoms Berbères
34%
Rise of the Rajas Cambodgiens
32%
Dawn of the Dukes Polonais
32%
The Forgotten Slaves
32%
Rise of the Rajas Vietnamiens
29%
Lords of the West Bourguignons
27%
The Last Khans Tatars
26%
The Last Khans Bulgares
25%
The Last Khans Lituaniens
25%
The Last Khans Coumans
24%
Lords of the West Siciliens
24%
Rise of the Rajas Birmans
21%
Dawn of the Dukes Bohémiens
18%
Dynasties of India Bengalis
13%
Dynasties of India Dravidiens
12%
Dynasties of India Gurjaras
10%
Aucun quiz correspondant
Distribution des résultats
% des personnes avec chaque résultat
Percentile par nombre de réponses
Votre historique - résultats
Vous n’avez pas pris ce quiz depuis la dernière actualisation